000 00790nam a2200265 i 4500
001 19309
003 ES-MaACL
005 20250812080616.0
007 t|
008 020709s1994 ag ||||1| spa d
020 _a950-786-024-X
080 _a82:32
080 _a7:32
080 _a7.01
100 1 _aMangone, Carlos.
_976018
245 1 3 _aEl manifiesto
_b: un género entre el arte y la política /
_cCarlos Mangone, Jorge Warley.
260 _aBuenos Aires :
_bBiblos,
_c1994.
300 _a181 p. ;
_c20 cm.
650 7 _aLiteratura y política
_2embne
_914675
650 1 4 _aArte-
_xAspectos sociales.
_910078
650 7 _aArte y sociedad
_2embne
_9177489
700 1 _aWarley, Jorge.
_9116106
852 _aES-MaACL
_jL-25745
_bR.131238
999 _c19309
_d19309